| 000 | 00443nam a22001457a 4500 | ||
|---|---|---|---|
| 005 | 20180821133858.0 | ||
| 020 |
_a8170003237 _c525.00 |
||
| 035 | _aB-058660, B-058662 | ||
| 037 |
_aDPL _bENG |
||
| 100 | _aMahapatra, Piyush Kanti | ||
| 245 |
_aHuman resource management in Libraries / _cby Piyush Kanti Mahapatra |
||
| 260 |
_aNew Delhi _bEss Ess Publications _c2002 |
||
| 300 |
_a235p. _c20 cms. |
||
| 942 |
_2ddc _cEN _h023 _mMAH |
||
| 999 |
_c63277 _d63277 |
||